| 000 | 01004nam0a22002651 4500 | ||
|---|---|---|---|
| 001 | rc\1156735 | ||
| 005 | 20250622202357.0 | ||
| 035 | _a(NLR Aleph) 006401660 | ||
| 090 |
_a5252491 _c5252491 |
||
| 100 | _a20041129d1980 |||y0rusy50 ca | ||
| 101 | 0 | _arus | |
| 102 | _aRU | ||
| 105 | _ay ||||||||| | ||
| 200 | 1 |
_aПовышение культуры земледелия в Предуралье _e[Сб. статей _fОтв. ред. доц. П.В. Мордвинцев] |
|
| 210 |
_aПермь _cПерм. СХИ _d1980 |
||
| 215 |
_a115 с. _d21 |
||
| 225 | 1 |
_aТруды _fПерм. гос. с.-х. ин-т им. акад. Д.Н. Прянишникова _vТ. 139 |
|
| 300 | _aВ надзаг. также: М-во сел. хоз-ва СССР | ||
| 300 | _aВ колонтит. также дата: 1978 | ||
| 702 | 1 |
_aМордвинцев _bП.В. _gПетр Васильевич _4340 |
|
| 801 | 0 |
_aRU _bNLR _gpsbo |
|
| 801 | 1 |
_aRU _bELAR _2rusmarc |
|
| 852 |
_aNLR _jП13/337 |
||
| 942 | _cBOOK | ||
| 980 | _aNB | ||